Herby województw II Rzeczypospolitej - Statystyki

Ogólne statystyki
  • Ten quiz został rozwiązany 120 razy
  • Średni wynik to 11 z 16
Statystyki odpowiedzi
Obrazkowy Odpowiedź % Poprawnych
lubelskie
82%
pomorskie
82%
śląskie
82%
lwowskie
77%
wileńskie
76%
krakowskie
75%
białostockie
72%
poznańskie
70%
kieleckie
69%
łódzkie
65%
warszawskie
64%
wołyńskie
62%
nowogródzkie
61%
poleskie
59%
stanisławowskie
58%
tarnopolskie
54%
Nie znaleziono quizów pasujących do podanych kryteriów
Rozkład punktacji
Procent ludzi z każdym wynikiem
Percentyl według liczby udzielonych odpowiedzi
Twoja historia wyników
Nie rozwiązałeś tego quizu